000 00502nam a22001932 4500
001 0000001730
005 20170406113654.0
008 140129s xx 000 0 eng d
020 _c$
040 _aYour Holding Symbol
_cYour Holding Symbol
100 1 _aLavine,Harold.
245 1 0 _aCentral america.
250 _a ed.
260 _anew york :
_bTime incoporated,
_c1964.
300 _a160 p. :
_bill ;
_c cm.
504 _aindex.
650 0 _aworld library.
908 _a140129
999 _c1641
_d1641